000
00324nam a2200121Ia 4500
008
230303s9999 xx 000 0 und d
041
_a
eng
082
_a
621.382 TOM
100
_a
TOMASI (WAYNE)
245
_a
Electronic Communication Systems : Fundamentals through Advanced
260
_a
NEW DELHI
_b
PEARSON
365
_c
RS
999
_c
183445
_d
183445